000 00592nam a22001937a 4500
005 20250317154806.0
008 250317b |||||||| |||| 00| 0 eng d
020 _a9780195448627
050 _aHM586
_b.S84 STE
100 _aSteckley John
245 _aElements of Soiciology:
_ba critical Canadian introduction/
_cJohn Steckley & Guy Kirby Letts
250 _a3rd Ed.
260 _aOxford
_bOxford University Press
_c2013
300 _axxiii. 471p.
_bill. (some col.)
_c28 cm
500 _aIncludes Index
650 _2Sociology
700 _aLetts Guy Kirby
942 _2lcc
_cBK
_e3rd Ed.
_n0
999 _c4878
_d4878